Management of industrial relations : (Record no. 132258)

MARC details
000 -LEADER
fixed length control field 00688nam a22002297a 4500
005 - DATE AND TIME OF LATEST TRANSACTION
control field 20170124110152.0
010 ## - LIBRARY OF CONGRESS CONTROL NUMBER
LC control number 952433
020 ## - INTERNATIONAL STANDARD BOOK NUMBER
Terms of availability 45.00
035 ## - SYSTEM CONTROL NUMBER
System control number 952433
037 ## - SOURCE OF ACQUISITION
Source of stock number/acquisition Cen Lib/Ret
040 ## - CATALOGING SOURCE
Original cataloging agency DPL
Language of cataloging EN
082 ## - DEWEY DECIMAL CLASSIFICATION NUMBER
Classification number 658.3
Item number VER
100 ## - MAIN ENTRY--PERSONAL NAME
Personal name Verma, Pramod
9 (RLIN) 11112
245 ## - TITLE STATEMENT
Title Management of industrial relations :
Statement of responsibility, etc by Pramod Verma
Remainder of title readings and cases /
260 ## - PUBLICATION, DISTRIBUTION, ETC. (IMPRINT)
Place of publication, distribution, etc Ahmedabad
Name of publisher, distributor, etc Vora Prakashan
Date of publication, distribution, etc 1979
270 ## - ADDRESS
Address Khadia, Gotini Sherj
City Ahmedabad
Postal code 380 001
300 ## - PHYSICAL DESCRIPTION
Extent 434p.
Dimensions 20cm(Hb)
500 ## - GENERAL NOTE
General note Includes index
650 ## - SUBJECT ADDED ENTRY--TOPICAL TERM
Topical term or geographic name as entry element Industrial relations
9 (RLIN) 34159
650 ## - SUBJECT ADDED ENTRY--TOPICAL TERM
Topical term or geographic name as entry element Empiries of industrial relations
9 (RLIN) 34160
942 ## - ADDED ENTRY ELEMENTS (KOHA)
Source of classification or shelving scheme Dewey Decimal Classification
Koha item type English Books
Classification part 658.3
Call number suffix VER
Holdings
Withdrawn status Lost status Damaged status Not for loan Home library Current library Date acquired Source of acquisition Cost, normal purchase price Total Checkouts Full call number Barcode Date last seen Copy number Cost, replacement price Price effective from Koha item type Source of classification or shelving scheme Collection code Public note
Withdrawn       Central Library Central Library 21/07/2015 Cen Lib/Ret 45.00   658.3 VER 952433 21/07/2015 1 45.00 21/07/2015 English Books      
        Sarojini Nagar Sarojini Nagar 12/04/2019       658.3 VER B-027219 12/04/2019     12/04/2019 English Books Dewey Decimal Classification Non-fiction Withdran List Prepared L.No.17/09

© Delhi Public Library
Hit Counter
free hit counter